| 000 | 00684cam a22002533a 4500 | ||
|---|---|---|---|
| 001 | 20850 | ||
| 003 | PGUSA | ||
| 005 | 20140828083438.0 | ||
| 008 | 070319s2007||||xxu|||||s|||||000 | eng d | ||
| 040 |
_aPGUSA _beng |
||
| 042 | _adc | ||
| 050 | 4 | _aPZ | |
| 100 | 1 |
_aLang, Andrew, _d1844-1912 |
|
| 245 | 1 | 0 |
_aPrince Prigio _h[electronic resource] / _cAndrew Lang |
| 260 |
_bProject Gutenberg, _c2007 |
||
| 506 | _aPublic domain in the USA. | ||
| 516 | _aElectronic text | ||
| 653 | _aFairy tales | ||
| 653 | _aChildren's stories | ||
| 700 | 1 |
_aBrowne, Gordon, _d1858-1932 |
|
| 830 | 0 |
_aProject Gutenberg _v20850 |
|
| 856 | 4 | 0 | _uhttp://www.gutenberg.org/ebooks/20850 |
| 942 | _cEB | ||
| 999 |
_c250105 _d250105 |
||